000 00276nam a22001217a 4500
020 _a8186250069
082 _a591
_bALK
_cD
245 _aKnow your wild animals
300 _bill.
_c22 cm
526 _a0
_b0
_c0
_d591_000000000000000_ALK
650 _aD
_96527
942 _2ddc
_cBK
999 _c550146
_d550146